| 000 | 00490nam a2200181 a 4500 | ||
|---|---|---|---|
| 001 | 9293 | ||
| 005 | 20180713193258.0 | ||
| 008 | 140415s1992 000 0 spa d | ||
| 041 | _aspa | ||
| 082 |
_a658.403 _bJAR |
||
| 100 | 1 | _aJARILLO, JOSE-CARLOS | |
| 245 | 1 | 0 | _aDIRECCION ESTRATEGICA |
| 250 | _a2a ed. | ||
| 260 |
_a[s.l.] : _bMC GRAW HILL INTERAMERICANA DE ESPAÑA, _c1992 |
||
| 300 | _a204 | ||
| 490 | _aMCGRAW HILL DE MANAGEMENT | ||
| 650 | 1 | 4 | _aTOMA DE DECISIONES |
| 999 |
_c9293 _d9293 |
||